[Event "Rio de Janeiro Alex op"]
[Site "Rio de Janeiro"]
[Date "2016.06.19"]
[Round "6"]
[White "Soares, Estevao Luiz"]
[Black "Maia, Marco Aurelio Ferre"]
[Result "1-0"]
[WhiteElo "1984"]
[BlackElo "2085"]
[PlyCount "143"]
[EventDate "2016.06.12"]
[EventType "swiss"]
[EventRounds "6"]
[EventCountry "BRA"]
[SourceTitle "CBM 173 Extra"]
[Source "ChessBase"]
[SourceDate "2016.08.29"]
[SourceVersion "1"]
[SourceVersionDate "2016.08.29"]
[SourceQuality "1"]

1. e4 d6 2. f4 Nf6 3. Nc3 Bg4 4. Nf3 Nc6 5. Bb5 a6 6. Bxc6+ bxc6 7. h3 Bxf3 8. Qxf3 e6 9. 0-0 Be7 10. d3 0-0 11. f5 exf5 12. Qxf5 Qd7 13. Qf3 Rab8 14. Ne2 Qd8 15. Nd4 Nd7 16. Nxc6 Ne5 17. Nxe7+ Qxe7 18. Qg3 Ng6 19. a4 Qe5 20. Qxe5 Nxe5 21. b3 Rfe8 22. Bb2 c5 23. Bc3 Nc6 24. Rf5 Re6 25. Raf1 Rb7 26. Rg5 Rg6 27. Rxg6 hxg6 28. Rd1 Re7 29. Kf2 f6 30. g4 Kf7 31. Kf3 Rc7 32. Ke3 Ke6 33. Rd2 Rc8 34. Rh2 g5 35. h4 Rh8 36. h5 Rh6 37. Rf2 Ne7 38. d4 Kd7 39. dxc5 dxc5 40. Kd3 Kc6 41. Kc4 Nc8 42. Kd3 Kd6 43. Rf5 Ne7 44. e5+ Ke6 45. Rf2 fxe5 46. Rf8 Rf6 47. Ra8 Kd5 48. Rd8+ Ke6 49. Bd2 Rf3+ 50. Ke2 Rg3 51. Bxg5 Rxg4 52. Bxe7 Kxe7 53. Rd5 c4 54. Rxe5+ Kd6 55. Ra5 cxb3 56. Rxa6+ Kc5 57. cxb3 Rb4 58. Ra5+ Kc6 59. Rb5 Rh4 60. Kf3 Rh3+ 61. Kg4 Rh1 62. b4 Ra1 63. Ra5 Kb7 64. b5 Ra2 65. Ra6 Ra1 66. Kf5 Ra2 67. Rg6 Rxa4 68. Rxg7+ Kb6 69. h6 Rh4 70. Kg6 Kxb5 71. h7 Rg4+ 72. Kf7 1-0

[Event "Brasilia Oeste op"]
[Site "Brasilia"]
[Date "2012.10.12"]
[Round "2"]
[White "Faria, Fillipe Marinho"]
[Black "Soares, Estevao Luiz"]
[Result "1-0"]
[WhiteElo "2078"]
[BlackElo "1975"]
[PlyCount "75"]
[EventDate "2012.10.11"]
[EventType "swiss"]
[EventRounds "7"]
[EventCountry "BRA"]
[SourceTitle "EXT 2013"]
[Source "ChessBase"]
[SourceDate "2012.11.22"]
[SourceVersion "1"]
[SourceVersionDate "2012.11.22"]
[SourceQuality "1"]

1. d4 Nf6 2. c4 g6 3. Nc3 Bg7 4. e4 d6 5. Nf3 0-0 6. Be2 e5 7. 0-0 Nc6 8. d5 Ne7 9. b4 c6 10. Re1 Nh5 11. Ng5 Nf4 12. Bxf4 exf4 13. Rc1 Nxd5 14. exd5 Qxg5 15. Ne4 Qe7 16. Bf3 Be5 17. c5 dxc5 18. d6 Qd8 19. bxc5 Be6 20. Qa4 Bg7 21. Rb1 Bd5 22. Rxb7 Re8 23. Reb1 g5 24. h3 h5 25. Nd2 Bxf3 26. Nxf3 g4 27. Qxf4 Qf6 28. Qxf6 Bxf6 29. hxg4 hxg4 30. d7 Re2 31. Nd4 Rd2 32. Rb8+ Rxb8 33. Rxb8+ Kg7 34. d8Q Rd1+ 35. Kh2 Be5+ 36. g3 Bxd4 37. Qg5+ Kh7 38. Qh5+ 1-0

[Event "Brasilia op"]
[Site "Brasilia"]
[Date "2012.??.??"]
[Round "1"]
[White "Barbalho, Geisa Nascimento"]
[Black "Soares, Estevao Luiz"]
[Result "0-1"]
[WhiteElo "1691"]
[BlackElo "1980"]
[PlyCount "94"]
[EventDate "2012.09.06"]
[EventType "swiss"]
[EventRounds "6"]
[EventCountry "BRA"]
[SourceTitle "CBM 150 Extra"]
[Source "ChessBase"]
[SourceDate "2012.10.19"]
[SourceVersion "1"]
[SourceVersionDate "2012.10.19"]
[SourceQuality "1"]

1. e4 d6 2. Nf3 g6 3. d4 Bg7 4. Be3 Nf6 5. Be2 Nxe4 6. 0-0 0-0 7. Bd3 Nf6 8. Nc3 Nbd7 9. a3 Ng4 10. h3 Nxe3 11. fxe3 e5 12. Qe1 Bh6 13. h4 c6 14. b4 Nf6 15. dxe5 Ng4 16. Ne4 d5 17. Nf6+ Nxf6 18. exf6 Qxf6 19. c3 Qe7 20. Ra2 Qxe3+ 21. Qxe3 Bxe3+ 22. Kh1 Be6 23. Re2 Bh6 24. Ne5 Bg7 25. Nf3 Bg4 26. Ref2 Bxf3 27. Rxf3 Bxc3 28. Be2 Rae8 29. Bd1 Re1 30. Rxe1 Bxe1 31. h5 Re8 32. Kh2 Kg7 33. Kh3 Re4 34. g3 f5 35. Bc2 Re2 36. Bd3 Re7 37. a4 b6 38. g4 fxg4+ 39. Kxg4 Bxb4 40. hxg6 hxg6 41. Rf2 c5 42. Rf4 c4 43. Bc2 Bc5 44. Rf3 d4 45. Kg5 d3 46. Bb1 Re4 47. Rf6 Be7 0-1

[Event "Brasilia op"]
[Site "Brasilia"]
[Date "2012.??.??"]
[Round "4"]
[White "Soares, Estevao Luiz"]
[Black "Costa, Paulo Sergio"]
[Result "1-0"]
[WhiteElo "1980"]
[BlackElo "1801"]
[PlyCount "87"]
[EventDate "2012.09.06"]
[EventType "swiss"]
[EventRounds "6"]
[EventCountry "BRA"]
[SourceTitle "CBM 150 Extra"]
[Source "ChessBase"]
[SourceDate "2012.10.19"]
[SourceVersion "1"]
[SourceVersionDate "2012.10.19"]
[SourceQuality "1"]

1. e4 c5 2. Nc3 Nc6 3. f4 d6 4. Nf3 Nf6 5. Bc4 e6 6. d3 a6 7. a4 Be7 8. 0-0 0-0 9. Qe1 d5 10. Ba2 Nb4 11. Qe2 d4 12. Nd1 Nxa2 13. Rxa2 b6 14. Ne5 Bb7 15. Nf2 Nd7 16. Nfg4 f5 17. Nxd7 Qxd7 18. Ne5 Qd8 19. Rf3 Bf6 20. Rh3 g6 21. Bd2 Qc7 22. Nf3 Rae8 23. e5 Bg7 24. Ng5 h6 25. Nf3 Qd7 26. Nh4 g5 27. fxg5 Qd5 28. gxh6 Bxe5 29. Ra1 Kh7 30. Nf3 Bf6 31. Rg3 Rg8 32. Bg5 Qd8 33. h4 Bxf3 34. Qxf3 Bxg5 35. hxg5 Rxg5 36. Rxg5 Qxg5 37. Re1 Kxh6 38. Qc6 Qg6 39. Qxb6 Kg7 40. Qxc5 Rh8 41. Qe5+ Kh7 42. Qxd4 Kg8 43. Qd8+ Kg7 44. Qe7+ 1-0

[Event "BRA-ch sf"]
[Site "Brasilia"]
[Date "2011.11.02"]
[Round "8"]
[White "Machado, Leonardo Ribeiro"]
[Black "Soares, Estevao Luiz"]
[Result "1-0"]
[WhiteElo "1894"]
[BlackElo "2015"]
[PlyCount "79"]
[EventDate "2011.10.29"]
[EventType "swiss"]
[EventRounds "8"]
[EventCountry "BRA"]
[SourceTitle "EXT 2012"]
[Source "ChessBase"]
[SourceDate "2011.11.24"]
[SourceVersion "1"]
[SourceVersionDate "2011.11.24"]
[SourceQuality "1"]

1. e4 c5 2. Nf3 d6 3. d4 cxd4 4. Qxd4 Nc6 5. Bb5 e5 6. Qd3 Be7 7. Nc3 a6 8. Ba4 b5 9. Bb3 Nf6 10. Bg5 Bg4 11. Bxf6 Nb4 12. Qd2 Bxf6 13. a3 Bxf3 14. gxf3 Bg5 15. Qd1 Nc6 16. Bxf7+ Ke7 17. Qd5 Nd4 18. Qb7+ Kf8 19. Bd5 Qe8 20. Qxa8 Nxc2+ 21. Ke2 Nd4+ 22. Kd3 Bd8 23. Qc8 Qe7 24. Ne2 g6 25. Nxd4 exd4 26. Qe6 Qa7 27. Qxd6+ Kg7 28. Rac1 Rf8 29. Qe5+ Kh6 30. f4 a5 31. Qd6 Rf6 32. Qxd8 Rxf4 33. e5 Qg7 34. Qd6 Kh5 35. Rc7 Qh6 36. Rf7 Rxf2 37. Bf3+ Kh4 38. Qf6+ Kh3 39. Bg4+ Kxg4 40. Rg1+ 1-0

[Event "BRA-ch sf"]
[Site "Brasilia"]
[Date "2011.11.01"]
[Round "6"]
[White "Soares, Estevao Luiz"]
[Black "Name, Gabriel Ricardo"]
[Result "0-1"]
[WhiteElo "2015"]
[BlackElo "2137"]
[PlyCount "72"]
[EventDate "2011.10.29"]
[EventType "swiss"]
[EventRounds "8"]
[EventCountry "BRA"]
[SourceTitle "EXT 2012"]
[Source "ChessBase"]
[SourceDate "2011.11.24"]
[SourceVersion "1"]
[SourceVersionDate "2011.11.24"]
[SourceQuality "1"]

1. e4 c5 2. Nc3 Nc6 3. f4 e6 4. Nf3 d5 5. Bb5 Nge7 6. Qe2 d4 7. Nb1 a6 8. Bxc6+ Nxc6 9. d3 Be7 10. 0-0 Qc7 11. Nbd2 f6 12. e5 f5 13. a4 Rb8 14. Nc4 b5 15. axb5 axb5 16. Nd6+ Bxd6 17. exd6 Qxd6 18. Ne5 Nxe5 19. fxe5 Qd5 20. Qh5+ Kf8 21. Qg5 Bb7 22. Rf3 Ra8 23. Rxa8+ Bxa8 24. Rg3 Qd7 25. h4 h6 26. Qf4 b4 27. Rg6 Qf7 28. h5 Kg8 29. c3 Qd7 30. cxb4 cxb4 31. Bd2 b3 32. Bb4 Kh7 33. Bd6 Bd5 34. Qg3 Qf7 35. Qf4 Re8 36. Qxd4 f4 0-1

[Event "BRA-ch sf"]
[Site "Brasilia"]
[Date "2011.10.30"]
[Round "3"]
[White "Jaudy, Tulio Lamego"]
[Black "Soares, Estevao Luiz"]
[Result "0-1"]
[WhiteElo "1840"]
[BlackElo "2015"]
[PlyCount "56"]
[EventDate "2011.10.29"]
[EventType "swiss"]
[EventRounds "8"]
[EventCountry "BRA"]
[SourceTitle "EXT 2012"]
[Source "ChessBase"]
[SourceDate "2011.11.24"]
[SourceVersion "1"]
[SourceVersionDate "2011.11.24"]
[SourceQuality "1"]

1. e4 c5 2. Nc3 g6 3. g3 Bg7 4. f4 e6 5. Bg2 Nc6 6. Nf3 Nge7 7. e5 d5 8. Nb5 0-0 9. c3 d4 10. b4 dxc3 11. bxc5 cxd2+ 12. Qxd2 Nd5 13. Bb2 f6 14. 0-0 fxe5 15. Nxe5 Nxf4 16. Qxd8 Ne2+ 17. Kh1 Rxd8 18. Nxc6 bxc6 19. Bxg7 Kxg7 20. Bxc6 Rb8 21. Nd6 Kg8 22. Rab1 Ba6 23. Rxb8 Rxb8 24. Re1 Rb2 25. Bd7 e5 26. c6 Rc2 27. Rb1 Nd4 28. c7 Nf3 0-1

[Event "BRA-ch sf"]
[Site "Brasilia"]
[Date "2011.10.29"]
[Round "1"]
[White "El Debs, Felipe de Cresce"]
[Black "Soares, Estevao Luiz"]
[Result "1-0"]
[WhiteElo "2478"]
[BlackElo "2015"]
[PlyCount "73"]
[EventDate "2011.10.29"]
[EventType "swiss"]
[EventRounds "8"]
[EventCountry "BRA"]
[SourceTitle "EXT 2012"]
[Source "ChessBase"]
[SourceDate "2011.11.24"]
[SourceVersion "1"]
[SourceVersionDate "2011.11.24"]
[SourceQuality "1"]

1. Nf3 Nf6 2. c4 g6 3. Nc3 Bg7 4. e4 d6 5. d4 0-0 6. Be2 e5 7. Be3 Ng4 8. Bg5 f6 9. Bc1 c6 10. 0-0 Nd7 11. h3 Nh6 12. Re1 Qe7 13. Bf1 Re8 14. Be3 Nf8 15. Qb3 Kh8 16. Rad1 g5 17. c5 dxc5 18. dxe5 g4 19. exf6 Bxf6 20. Nh2 Bg5 21. hxg4 Bxg4 22. Bxg5 Bxd1 23. Bxe7 Bxb3 24. Bf6+ Kg8 25. axb3 b5 26. f4 Nf5 27. Ng4 h5 28. Nf2 Nd4 29. Re3 Kf7 30. e5 Nf5 31. Rd3 Ne6 32. Nfe4 Ned4 33. Nxc5 Rg8 34. N3e4 a5 35. Nd6+ Kg6 36. Rxd4 Nxd4 37. Bd3+ 1-0

[Event "BRA-ch sf"]
[Site "Brasilia"]
[Date "2011.10.29"]
[Round "2"]
[White "Soares, Estevao Luiz"]
[Black "Figueiredo, Wagner Primo Jr"]
[Result "1-0"]
[WhiteElo "2015"]
[BlackElo "1700"]
[PlyCount "87"]
[EventDate "2011.10.29"]
[EventType "swiss"]
[EventRounds "8"]
[EventCountry "BRA"]
[SourceTitle "EXT 2012"]
[Source "ChessBase"]
[SourceDate "2011.11.24"]
[SourceVersion "1"]
[SourceVersionDate "2011.11.24"]
[SourceQuality "1"]

1. e4 e5 2. Nf3 Nc6 3. Bc4 Bc5 4. c3 d6 5. h3 f5 6. exf5 Bxf5 7. 0-0 e4 8. Re1 d5 9. Bb5 Qd6 10. d4 Bb6 11. Ne5 Nf6 12. Bf4 0-0 13. Ng6 Qd7 14. Bxc6 bxc6 15. Nxf8 Rxf8 16. Re3 c5 17. Be5 Qe6 18. Rg3 cxd4 19. cxd4 c5 20. Nc3 cxd4 21. Bxd4 Bxd4 22. Qxd4 Rf7 23. Rd1 Nh5 24. Ne2 Nxg3 25. Nxg3 Rd7 26. Rc1 Bg6 27. Rc8+ Be8 28. Nh5 Qf7 29. Nxg7 Qxg7 30. Rxe8+ Kf7 31. Rxe4 Qxd4 32. Rxd4 Ke6 33. f4 Rb7 34. b3 Rc7 35. Rd2 Rc5 36. g4 h6 37. Kf2 Rc3 38. Kg2 Re3 39. h4 Kd6 40. g5 hxg5 41. hxg5 Kc5 42. g6 d4 43. f5 d3 44. g7 1-0

[Event "Brasilia op"]
[Site "Brasilia"]
[Date "2011.01.26"]
[Round "6"]
[White "Catta Preta, Daniel Martins"]
[Black "Soares, Estevao Luiz"]
[Result "1/2-1/2"]
[WhiteElo "2157"]
[BlackElo "2020"]
[PlyCount "66"]
[EventDate "2011.01.18"]
[EventType "swiss"]
[EventRounds "6"]
[EventCountry "BRA"]
[SourceTitle "CBM 140 Extra"]
[Source "ChessBase"]
[SourceDate "2011.03.01"]
[SourceVersion "1"]
[SourceVersionDate "2011.03.01"]
[SourceQuality "1"]

1. d4 Nf6 2. Nf3 g6 3. c4 Bg7 4. Nc3 d6 5. e4 0-0 6. Be2 e5 7. d5 a5 8. h4 Nh5 9. Bg5 f6 10. Be3 Na6 11. g3 f5 12. exf5 gxf5 13. Bg5 Qe8 14. Ng1 Nf6 15. Qd2 Nc5 16. Bf3 e4 17. Be2 Ng4 18. Nh3 Ne5 19. 0-0-0 a4 20. Kb1 a3 21. Bh6 axb2 22. Bxg7 Kxg7 23. Nf4 Na4 24. Nb5 Qf7 25. Nd4 Nc5 26. Qxb2 Kg8 27. f3 Bd7 28. Rdf1 Ra6 29. fxe4 Rfa8 30. Nfe6 Rxa2 31. Qxa2 Rxa2 32. Kxa2 Bxe6 33. dxe6 Qe8 1/2-1/2

[Event "Brasilia op"]
[Site "Brasilia"]
[Date "2011.01.19"]
[Round "2"]
[White "Soares, Estevao Luiz"]
[Black "Oliveira, Jose Irio Rodrigues"]
[Result "1/2-1/2"]
[WhiteElo "2020"]
[BlackElo "1929"]
[PlyCount "97"]
[EventDate "2011.01.18"]
[EventType "swiss"]
[EventRounds "6"]
[EventCountry "BRA"]
[SourceTitle "CBM 140 Extra"]
[Source "ChessBase"]
[SourceDate "2011.03.01"]
[SourceVersion "1"]
[SourceVersionDate "2011.03.01"]
[SourceQuality "1"]

1. e4 e6 2. d4 d5 3. Nc3 Bb4 4. e5 c5 5. a3 cxd4 6. Qxd4 Nc6 7. Bb5 Bxc3+ 8. Qxc3 Bd7 9. Bxc6 Bxc6 10. Qg3 Ne7 11. Nf3 Nf5 12. Qf4 h6 13. 0-0 Qc7 14. g4 g5 15. Qb4 Ne7 16. Re1 0-0 17. Nd4 Ng6 18. Qc3 Rac8 19. Qg3 Qe7 20. c3 Kg7 21. Nf5+ exf5 22. gxf5 Qc7 23. fxg6 fxg6 24. f4 gxf4 25. Bxf4 Rf5 26. Qe3 g5 27. Bg3 Qb6 28. Qd4 Rcf8 29. Rf1 Rxf1+ 30. Rxf1 Rxf1+ 31. Kxf1 Qxd4 32. cxd4 Kg6 33. Ke2 Kf5 34. Ke3 Kg4 35. e6 Kf5 36. e7 Ke6 37. h4 Kxe7 38. hxg5 hxg5 39. Bb8 Kf6 40. Bxa7 Kf5 41. Bb8 Kg4 42. Bd6 Ba4 43. b4 b5 44. Be5 Kh3 45. Kf2 g4 46. Bg3 Bc2 47. Bf4 Kh4 48. Bg3+ Kg5 49. Ke3 1/2-1/2

[Event "Brasilia IRT Carnaval"]
[Site "Brasilia"]
[Date "2010.02.14"]
[Round "4.5"]
[White "Japiassu, Ricardo de Villa No"]
[Black "Soares, Estevao Luiz"]
[Result "0-1"]
[WhiteElo "1898"]
[BlackElo "2036"]
[PlyCount "116"]
[EventDate "2010.02.12"]
[EventType "swiss"]
[EventRounds "7"]
[EventCountry "BRA"]
[SourceTitle "EXT 2022"]
[Source "ChessBase"]
[SourceDate "2021.10.06"]
[SourceVersion "1"]
[SourceVersionDate "2021.10.06"]
[SourceQuality "1"]

1. d4 Nf6 2. Nf3 g6 3. Bf4 Bg7 4. e3 d6 5. h3 0-0 6. Be2 c5 7. c3 b6 8. Nbd2 Bb7 9. 0-0 Nbd7 10. a4 a6 11. Re1 Ra7 12. Bh2 Qa8 13. Bd3 d5 14. Ne5 Nxe5 15. Bxe5 Bh6 16. Bc7 Nd7 17. a5 bxa5 18. Rxa5 Bc6 19. Bf4 Bg7 20. Nf3 c4 21. Bc2 Qb7 22. Ra2 Re8 23. e4 dxe4 24. Nd2 e3 25. Rxe3 Bxg2 26. Nxc4 Bd5 27. Qe2 Bxc4 28. Qxc4 Nf6 29. Bb3 e6 30. Ra5 Rc8 31. Rc5 Rxc5 32. dxc5 Nd5 33. c6 Qc8 34. Rd3 Nxf4 35. Qxf4 h5 36. Ba4 Bf8 37. Qf6 Be7 38. Qd4 Rc7 39. Qb6 Bf6 40. f4 Kg7 41. Rd7 Rxd7 42. cxd7 Qc4 43. d8Q Bxd8 44. Qxd8 Qxa4 45. Qd4+ Qxd4+ 46. cxd4 Kf6 47. Kf2 Kf5 48. Kf3 h4 49. b4 f6 50. Ke3 g5 51. fxg5 fxg5 52. Kf3 g4+ 53. hxg4+ Kg5 54. Ke4 h3 55. Ke5 h2 56. Kxe6 h1Q 57. d5 Qe4+ 58. Kd6 Qxb4+ 0-1

[Event "Moacyr Tavares Memorial"]
[Site "Rio de Janeiro"]
[Date "2005.11.26"]
[Round "10"]
[White "Pereira, Marcos Luciano"]
[Black "Soares, Estevao Luiz"]
[Result "0-1"]
[WhiteElo "1940"]
[BlackElo "2043"]
[PlyCount "82"]
[EventDate "2005.10.01"]
[EventType "tourn"]
[EventRounds "11"]
[EventCountry "BRA"]
[SourceTitle "EXT 2007"]
[Source "ChessBase"]
[SourceDate "2006.11.23"]
[SourceVersion "1"]
[SourceVersionDate "2006.11.23"]
[SourceQuality "1"]

1. e4 c5 2. c4 g6 3. Nc3 Bg7 4. Nf3 Nc6 5. a3 d6 6. h3 Nf6 7. Bd3 Bd7 8. Qe2 Nh5 9. Bc2 Nf4 10. Qf1 Ne6 11. d3 Ned4 12. Ba4 Nxf3+ 13. gxf3 Nd4 14. Bxd7+ Qxd7 15. Kd1 Nxf3 16. Qe2 Nd4 17. Qg4 e6 18. f4 0-0-0 19. Be3 h5 20. Qg2 Kb8 21. Bxd4 Bxd4 22. Rb1 a6 23. Qc2 Bxc3 24. bxc3 d5 25. cxd5 exd5 26. e5 Qc6 27. Rh2 f6 28. d4 fxe5 29. fxe5 Rhf8 30. Rf2 g5 31. Rb3 Rf4 32. Rxf4 gxf4 33. Qb2 Rg8 34. Ke1 f3 35. Kf1 Rg2 36. Qb1 cxd4 37. cxd4 Qc4+ 38. Rd3 Rh2 39. Kg1 Rxh3 40. Kf2 Rh2+ 41. Kg1 Qc8 0-1

[Event "Moacyr Tavares Memorial"]
[Site "Rio de Janeiro"]
[Date "2005.11.11"]
[Round "11"]
[White "Soares, Estevao Luiz"]
[Black "Ramos, Angelo Bil"]
[Result "0-1"]
[WhiteElo "2043"]
[BlackElo "2148"]
[PlyCount "90"]
[EventDate "2005.10.01"]
[EventType "tourn"]
[EventRounds "11"]
[EventCountry "BRA"]
[SourceTitle "EXT 2007"]
[Source "ChessBase"]
[SourceDate "2006.11.23"]
[SourceVersion "1"]
[SourceVersionDate "2006.11.23"]
[SourceQuality "1"]

1. e4 c5 2. Nf3 Nc6 3. Bb5 g6 4. Bxc6 dxc6 5. h3 e5 6. d3 f6 7. Be3 Nh6 8. Nc3 Nf7 9. Qd2 Be6 10. Nh2 g5 11. h4 g4 12. Nf1 h5 13. f4 b5 14. Qf2 Qe7 15. Ng3 a5 16. a3 exf4 17. Bxf4 c4 18. d4 Bg7 19. Be3 Nd6 20. Nce2 Bf7 21. Nf5 Nxf5 22. Qxf5 Qd7 23. Qf2 0-0 24. Ng3 Rfe8 25. 0-0 Bg6 26. Rae1 Re6 27. c3 Rae8 28. Bd2 Bf8 29. Bf4 Qh7 30. d5 cxd5 31. exd5 Bc5 32. Qxc5 Rxe1 33. Rxe1 Rxe1+ 34. Kh2 Be8 35. d6 Rd1 36. Nf5 Qd7 37. Nh6+ Kh7 38. Qe3 Rd3 39. Qe2 Rxd6 40. Bxd6 Qxd6+ 41. g3 Bg6 42. Nxg4 hxg4 43. Qxg4 Qd2+ 44. Kg1 Qe1+ 45. Kh2 Qf2+ 0-1

[Event "Moacyr Tavares Memorial"]
[Site "Rio de Janeiro"]
[Date "2005.11.05"]
[Round "6"]
[White "Baeta, Marcio Netto"]
[Black "Soares, Estevao Luiz"]
[Result "1-0"]
[WhiteElo "2173"]
[BlackElo "2043"]
[PlyCount "116"]
[EventDate "2005.10.01"]
[EventType "tourn"]
[EventRounds "11"]
[EventCountry "BRA"]
[SourceTitle "EXT 2007"]
[Source "ChessBase"]
[SourceDate "2006.11.23"]
[SourceVersion "1"]
[SourceVersionDate "2006.11.23"]
[SourceQuality "1"]

1. d4 Nf6 2. c4 g6 3. Nc3 Bg7 4. e4 d6 5. Nf3 0-0 6. Be2 e5 7. dxe5 dxe5 8. Qxd8 Rxd8 9. Bg5 Re8 10. Rd1 c6 11. Nxe5 Nxe4 12. Nxe4 Bxe5 13. Bf6 Nd7 14. Bxe5 Rxe5 15. Nc3 Nf6 16. 0-0 Re8 17. Rd6 Be6 18. Rfd1 Kg7 19. b3 Re7 20. h3 h5 21. f4 Rae8 22. Rd8 Bf5 23. Kf2 Rxd8 24. Rxd8 Rd7 25. Rxd7 Bxd7 26. Bf3 b6 27. c5 bxc5 28. Na4 Nd5 29. Nxc5 Bc8 30. Bxd5 cxd5 31. Kf3 Kf6 32. g4 hxg4+ 33. hxg4 g5 34. b4 gxf4 35. Kxf4 Ke7 36. g5 Kd6 37. Nd3 Bh3 38. Ne5 Ke6 39. Nc6 a6 40. a4 Bf1 41. Nd4+ Kd6 42. Kf5 Bd3+ 43. Kf6 Bg6 44. Nf5+ Kc7 45. Ke5 a5 46. b5 Kb6 47. Ne3 Kc5 48. Nxd5 Bc2 49. Nc3 Bg6 50. Ne4+ Kb6 51. Nd2 Bc2 52. Nc4+ Kc5 53. Nb2 Bb3 54. Ke4 Kb6 55. Kd4 Be6 56. Nc4+ Ka7 57. Nxa5 Kb6 58. Nc4+ Kb7 1-0

[Event "Moacyr Tavares Memorial"]
[Site "Rio de Janeiro"]
[Date "2005.10.08"]
[Round "2"]
[White "Rabello, David Sousa"]
[Black "Soares, Estevao Luiz"]
[Result "1-0"]
[WhiteElo "1943"]
[BlackElo "2043"]
[PlyCount "51"]
[EventDate "2005.10.01"]
[EventType "tourn"]
[EventRounds "11"]
[EventCountry "BRA"]
[SourceTitle "EXT 2007"]
[Source "ChessBase"]
[SourceDate "2006.11.23"]
[SourceVersion "1"]
[SourceVersionDate "2006.11.23"]
[SourceQuality "1"]

1. e4 c5 2. Nf3 d6 3. d4 cxd4 4. Nxd4 Nf6 5. Nc3 a6 6. Be2 e6 7. 0-0 b5 8. Bf3 e5 9. Nf5 Be6 10. Bg5 Nc6 11. Bxf6 gxf6 12. Nd5 Rc8 13. c4 bxc4 14. Qa4 Bxd5 15. exd5 Qa5 16. Qxc4 Na7 17. Qh4 Qd8 18. Rac1 Rc5 19. Qa4+ Nb5 20. Qxa6 Nc7 21. Qb7 Qd7 22. b4 Qxf5 23. bxc5 e4 24. Qb8+ Kd7 25. c6+ Ke7 26. Qxc7+ 1-0

[Event "Moacyr Tavares Memorial"]
[Site "Rio de Janeiro"]
[Date "2005.10.01"]
[Round "1"]
[White "Litrento, Oliveiros Lessa"]
[Black "Soares, Estevao Luiz"]
[Result "0-1"]
[WhiteElo "1833"]
[BlackElo "2043"]
[PlyCount "75"]
[EventDate "2005.10.01"]
[EventType "tourn"]
[EventRounds "11"]
[EventCountry "BRA"]
[SourceTitle "EXT 2007"]
[Source "ChessBase"]
[SourceDate "2006.11.23"]
[SourceVersion "1"]
[SourceVersionDate "2006.11.23"]
[SourceQuality "1"]

1. d4 Nf6 2. c4 g6 3. Nc3 Bg7 4. Nf3 0-0 5. Bg5 d6 6. e4 c5 7. Bd3 cxd4 8. Nd5 Nc6 9. 0-0 Bg4 10. h3 Bxf3 11. Qxf3 Ne5 12. Qd1 h6 13. Bxf6 exf6 14. Rc1 Rc8 15. b3 h5 16. f4 Nxd3 17. Qxd3 Re8 18. f5 g5 19. Qxd4 a6 20. Rfe1 Re5 21. Qd1 Qe8 22. Nc3 h4 23. Qxd6 Rd8 24. Qa3 Bf8 25. Qb2 Bc5+ 26. Kh1 Bd4 27. Qc2 Kg7 28. Qe2 Bxc3 29. Rxc3 Rd4 30. Re3 Qd7 31. Qf3 b5 32. cxb5 axb5 33. Rc1 Qe7 34. Rce1 b4 35. Kh2 Qc7 36. Kh1 Rd2 37. R3e2 Rd4 38. Qf2 0-1

[Event "Emmanuel Nogueira Memorial"]
[Site "Rio de Janeiro"]
[Date "2005.07.02"]
[Round "4"]
[White "Ramos, Angelo Bil"]
[Black "Soares, Estevao Luiz"]
[Result "1-0"]
[WhiteElo "2142"]
[BlackElo "2045"]
[PlyCount "141"]
[EventDate "2005.06.11"]
[EventType "tourn"]
[EventRounds "9"]
[EventCountry "BRA"]
[SourceTitle "EXT 2007"]
[Source "ChessBase"]
[SourceDate "2006.11.23"]
[SourceVersion "1"]
[SourceVersionDate "2006.11.23"]
[SourceQuality "1"]

1. e4 c5 2. Nf3 d6 3. d4 cxd4 4. Nxd4 Nf6 5. Nc3 a6 6. Be3 e6 7. f3 b5 8. g4 Nfd7 9. Qd2 Nb6 10. 0-0-0 N8d7 11. Qf2 Bb7 12. Bd3 Nc5 13. Ndxb5 Nxd3+ 14. Rxd3 Nc4 15. Nd4 Nxe3 16. Qxe3 Be7 17. Kb1 h5 18. Qf2 Rc8 19. Rhd1 Qc7 20. Qd2 hxg4 21. fxg4 d5 22. exd5 Rxh2 23. Nde2 exd5 24. Nxd5 Bxd5 25. Rxd5 Qc4 26. Re5 Kf8 27. c3 Rg2 28. Qd7 Bf6 29. Rh5 g6 30. Rh7 Rd8 31. Rh8+ Kg7 32. Rxd8 Bxd8 33. Qxd8 Qe4+ 34. Kc1 Qxe2 35. Qd4+ f6 36. Rd2 Qe1+ 37. Kc2 Rxd2+ 38. Qxd2 Qe4+ 39. Qd3 Qxg4 40. Qxa6 Qg2+ 41. Kb3 f5 42. Qe6 Qb7+ 43. Kc2 Qa8 44. b4 Qa4+ 45. Kd2 Qa7 46. b5 Qf2+ 47. Qe2 Qf4+ 48. Kc2 Qa4+ 49. Kb2 f4 50. b6 Qc6 51. Qe5+ Kh6 52. Qxf4+ g5 53. Qd4 Qb7 54. Qc5 g4 55. Qc7 Qg2+ 56. Kb3 Qd5+ 57. c4 Qd3+ 58. Kb4 g3 59. b7 Qd2+ 60. Kb5 Qb2+ 61. Kc6 g2 62. Qh2+ Kg7 63. b8Q Qxb8 64. Qxb8 g1Q 65. Qe5+ Kf7 66. c5 Qg6+ 67. Qd6 Qc2 68. Qd5+ Ke7 69. Kc7 Qa4 70. Qd6+ Ke8 71. Qc6+ 1-0

[Event "Silvio Mendes Memorial"]
[Site "Rio de Janeiro"]
[Date "2004.11.01"]
[Round "6"]
[White "Soares, Estevao Luiz"]
[Black "Maia, Marco Aurelio Ferre"]
[Result "1/2-1/2"]
[WhiteElo "2047"]
[BlackElo "2190"]
[PlyCount "126"]
[EventDate "2004.09.11"]
[EventType "tourn"]
[EventRounds "9"]
[EventCountry "BRA"]
[SourceTitle "EXT 2007"]
[Source "ChessBase"]
[SourceDate "2006.11.23"]
[SourceVersion "1"]
[SourceVersionDate "2006.11.23"]
[SourceQuality "1"]

1. e4 e6 2. d4 d5 3. Nc3 dxe4 4. Nxe4 Nd7 5. Nf3 Ngf6 6. Bg5 Be7 7. Nxf6+ Nxf6 8. Bd3 0-0 9. 0-0 c5 10. dxc5 Bxc5 11. Qe2 Be7 12. c4 Qc7 13. Rfe1 h6 14. Bh4 Bd7 15. Nd4 Rfe8 16. Rad1 Rad8 17. Bb1 Qf4 18. Bg3 Qg4 19. Qc2 h5 20. h3 Qg5 21. Re5 Qh6 22. Qe2 Bc8 23. Bh4 g6 24. Bg5 Qg7 25. Nf3 Rxd1+ 26. Qxd1 Nd7 27. Re2 Bxg5 28. Nxg5 Ne5 29. Qd4 Nc6 30. Qxg7+ Kxg7 31. Rd2 Rd8 32. Rxd8 Nxd8 33. Ne4 Kf8 34. Kf1 Ke7 35. Ke2 b6 36. h4 Bb7 37. g3 e5 38. Ke3 Ne6 39. b4 Nd4 40. a3 Nc6 41. c5 bxc5 42. Nxc5 Bc8 43. f4 exf4+ 44. Kxf4 Nd4 45. Bd3 Bf5 46. Bxf5 Nxf5 47. a4 Nd4 48. Nd3 Ne2+ 49. Kf3 Nc3 50. Nc5 Nd5 51. Nd3 Kd6 52. g4 hxg4+ 53. Kxg4 f6 54. h5 gxh5+ 55. Kxh5 Ke6 56. Kg4 f5+ 57. Kf3 Nc3 58. Nc5+ Ke5 59. Nd7+ Kd4 60. a5 Kc4 61. Kf4 Kxb4 62. Nb8 Nd5+ 63. Kxf5 Kb5 1/2-1/2